000 00541nam a2200217Ia 4500
003 OSt
005 20230329103430.0
008 210423s2009 xx 000 0 und d
020 _a978-81-8094-001-9
040 _cAL
041 _aeng
082 _a574.1925
_223
_bBHAE
100 _aBHASKAR (Anusha);VIDHYA (V G)
_979425
245 _aEnzyme technology
260 _aChennai
_bMJP Publishers
_c2009
300 _axxi,634
_bPB
365 _b300
_cINR
650 _aEnzymes
_979426
906 _aEnzyme ; technology
942 _2ddc
_cBK
999 _c168828
_d168828